Estudio de prefactibilidad para la creación de un bar- restaurante recreativo para jóvenes y adultos en la ciudad de Granada

Presenta un estudio de factibilidad para la creación de un bar-restaurante recreativo para jóvenes y adultos en la ciudad de Granada, permite manifestar datos de importancia para tomar la decisión de invertir o no en la empresa. Se elabora un estudio de mercado sobre la población y los visitante...

Full description

Bibliographic Details
Main Authors: Bonilla Moraga, Ronald Alexander, Ponce Siles, Francisco Javier, López Picado, Orlando Manuel
Other Authors: Tutor: Huete Castillo, Manuel Enrique
Format: Tesis Section = Libro
Language:Undetermined
Spanish
Published: Managua UNI 2017
Subjects:
LEADER 01516nam a2200301Ia 4500
008 240830s9999 xx 000 0 und d
040 |a BIBLIOTECA-RUPAP Mon 658.11 B715 
041 |a spa 
082 |a Mon 658.11 B715 
100 1 |a Bonilla Moraga, Ronald Alexander 
100 1 |b  Ponce Siles, Francisco Javier 
100 1 |c  López Picado, Orlando Manuel 
245 1 0 |a Estudio de prefactibilidad para la creación de un bar- restaurante recreativo para jóvenes y adultos en la ciudad de Granada 
260 |a Managua  |b UNI  |c 2017 
300 |a 201 p. :il. 
500 |a Contiene: anexos e Incluye: CD. 
502 |a Tesis (Ingeniero de Sistemas)- UNI, 2017. 
520 3 |a Presenta un estudio de factibilidad para la creación de un bar-restaurante recreativo para jóvenes y adultos en la ciudad de Granada, permite manifestar datos de importancia para tomar la decisión de invertir o no en la empresa. Se elabora un estudio de mercado sobre la población y los visitantes de la ciudad de Granada. Desarrolla un estudio financiero para la creación de un bar-restaurante recreativo para familias. Jóvenes y adultos que no gozan de un lugar con un ambiente tranquilo en la ciudad de Granada. 
650 7 |a NUEVOS NEGOCIOS 
650 7 |b ESTUDIO DE FACTIBILIDAD 
650 7 |c RESTAURANTES 
650 7 |d INVESTIGACION DE MERCADO 
650 7 |e ESTUDIO FINANCIERO 
650 7 |f SITIO WEB-PROYECTO 
700 1 |a Tutor:  |b Huete Castillo, Manuel Enrique 
942 |c BK  |2 ddc 
991 |a TESIS 
999 |c 16861